Parlament de Catalunya, 15 anys / Sílvia Casademont ... [et al.]
Descripción Física:
414 p. : il., negre i col. ; 20 cm
Otros Autores:
Casademont, Sílvia
MARC
| LEADER | 00000nam a2200000Ia 4500 | ||
|---|---|---|---|
| 001 | 10973 | ||
| 008 | 160829s1995 xx 000 0 cat d | ||
| 080 | |a M-2-220 | ||
| 110 | 1 | |a Catalunya. |b Parlament |9 11492 | |
| 245 | |a Parlament de Catalunya, 15 anys / Sílvia Casademont ... [et al.] | ||
| 260 | |a Barcelona : |b Publicacions del Parlament de Catalunya, |c 1995 | ||
| 300 | |a 414 p. : |b il., negre i col. ; |c 20 cm | ||
| 610 | 1 | 0 | |a Catalunya. |b Parlament |9 11492 |
| 650 | |a Catalunya. Parlament |x Aniversaris, etc. |9 31902 | ||
| 700 | |a Casademont, Sílvia |9 31903 | ||
| 901 | |a Arxiu | ||
| 942 | |n 1 | ||
| 952 | |0 0 |1 0 |4 0 |6 M2220 |7 1 |9 45798 |a Arxiu |b Arxiu |d 2016-12-01 |l 0 |o M-2-220 |p 10973 |r 2016-12-01 00:00:00 |w 2016-12-01 |y ARXIU | ||
| 999 | |c 49298 |d 49298 | ||